Estadísticas para Las 13 Colonias originales

Haz click aquí para intentar la prueba.

Estadísticas generales

  • Esta prueba ha sido intentada 1.232 veces
  • La puntuación promedio es 10 de 13

Estadísticas de respuestas

Colonia% Correcto
Nueva York
95%
Virginia
88%
Nueva Jersey
82%
Carolina del Norte
78%
Carolina del Sur
78%
Delaware
76%
Rhode Island
76%
Massachusetts
75%
Pensilvania
74%
Connecticut
71%
Maryland
70%
Georgia
68%
Nuevo Hampshire
64%

Distribución de puntuación

Porcentaje por número respondido

Porcentaje de gente con cada puntuación

Historial de tus puntuaciones

No has intentado esta prueba.